Statistics for Ivorian soccer players scoring during the World Cup

Click here to take the quiz!

General Stats

  • This quiz has been taken 177 times
  • The average score is 5 of 9

Answer Stats

GoalsYear(s)Players% Correct
22006, 2010Didier Drogba
97%
12010Yaya Touré
82%
22014Gervinho
68%
12010Salomon Kalou
57%
12006Bonaventure Kalou
56%
22014Wilfried Bony
42%
12006Bakari Koné
33%
22006Aruna Dindane
32%
12010Romaric
16%

Score Distribution

Percentile by Number Answered

Percent of People with Each Score

Your Score History

You have not taken this quiz